| 000 | 00610nam a2200217Ia 4500 | ||
|---|---|---|---|
| 003 | OSt | ||
| 005 | 20221007083011.0 | ||
| 006 | a|||||r|||| 00| 0 | ||
| 007 | ta | ||
| 008 | 221006b |||||||| |||| 00| 0 eng d | ||
| 024 | _a45,715 | ||
| 037 | _cDissertations | ||
| 040 |
_aFLL _cFLL _beng |
||
| 041 |
_2eng _aeng |
||
| 100 |
_aRAM Shashwat _9700040 |
||
| 245 | 0 | _aReasons behind the poor performance of plea bargaining system in India and its comparison with the process in USA | |
| 260 | _c2018 | ||
| 300 |
_aviii,118p. _ccm. |
||
| 942 |
_cDIS _2CC |
||
| 999 |
_c1168457 _d1168457 |
||